000 00614cam a22002051a 4500
001 ne 61000170
003 DLC
005 20260227111733.0
008 850814m19551964le 000 0 ara
010 _ane 61000170
035 _a(OCoLC)12386490
040 _aDLC
_cOU
_dOU
_dDLC
050 0 0 _aPJ7631
_b.A2 1955
100 0 _aAbū al-Faraj al-Iṣbahānī,
_d897 or 898-967.
245 1 0 _aKitāb al-aghānī /
_ctaʼlīf Abī al-Faraj al-Iṣfahānī.
260 _aBayrūt :
_bDār al-Thaqāfah,
_c[1955-1964]
300 _a25 v. ;
_c25 cm.
500 _aSome volumes in revised editions.
740 0 _aAghānī.
999 _c44950
_d44950